00665nam a2200253 a 4500001001300000003000900013005001700022008004100039020001000080082001600090100001700106245001600123260003100139300000900170500003500179505002400214650001800238650001400256700001700270902000800287942000700295952009600302999001300398nice12345678IN_TiNIC20260116011321.0050524s1915 alaa grp 000 0 urd  ac10000a297.61bCIT aCity Press,  aLife of Ali aAlahabadbCity Pressc1915 a117p aincludes index and biblioraphy2 aSilsila-Tu-Tawarikh aBiography-Ali aShiah-Ali1 aCity Press,  bRBA cBK 00104070aHMIbHMId2007-07-05g100.00l0o297.61 CITp00476r2007-07-05w2026-01-16yEB c447d447